=LDR 00000nam 2200000 4500 =001 INLIS000000000045355 =005 20200211101320 =035 ##$$a 0010-011500000000181 =008 200211################g##########0#ind## =020 ##$$a 979-731-838-9 =040 ##$$a NBPDMAT =082 ##$$a 005.269 =090 ##$$a 005.269 Ste s =245 ##$$a Step by step pengolahan citra digital /$c Riyanto Sigit, ST, Drs. Achmad Basuki,M.Kom, Dr.Ir. Dadet Pramadihanto =250 ##$$a Cet. 1 =260 ##$$a Yogyakarta :$b Andi,$c 2007 =300 ##$$a vii, 115 hlm. : $b ilus. ; $c 15 x 23 cm. =500 ##$$a Bibliografi : hlm. 114 =650 #4$$a Komputer Program =084 ##$$a 005.269 STE s =990 ##$$a 21419742 =990 ##$$a 21419743 =990 ##$$a 21419745 =990 ##$$a 21419746 =990 ##$$a 0001/BPAP-NTB/2016